Leading the global workforce: Best practice from linkage, Inc. (Record no. 3916)
[ view plain ]
| 005 - DATE AND TIME OF LATEST TRANSACTION | |
|---|---|
| control field | 20250613061827.0 |
| 020 ## - INTERNATIONAL STANDARD BOOK NUMBER | |
| International Standard Book Number | 978-0-7879-8170-9 |
| 082 ## - DEWEY DECIMAL CLASSIFICATION NUMBER | |
| Classification number | LECT 658.409 HAR |
| 100 ## - MAIN ENTRY--PERSONAL NAME | |
| Author name | HARKINS, P. |
| 245 ## - TITLE STATEMENT | |
| Title | Leading the global workforce: Best practice from linkage, Inc. |
| 260 ## - PUBLICATION, DISTRIBUTION, ETC. | |
| Place of publication, distribution, etc. | San Francisco, |
| Name of publisher, distributor, etc. | Jossey-Bass, |
| Date of publication, distribution, etc. | 2006. |
| 300 ## - PHYSICAL DESCRIPTION | |
| Extent | xi, 300p.: ill.; chart, figure, graph, map, picture, table. |
| Other physical details | Index, |
| Dimensions | 24cm. |
| 700 ## - ADDED ENTRY--PERSONAL NAME | |
| Other authors/Editors | HARKINS, P. & GIBER, D. & SOBOL, M. & TARQUINIO, M. & CARTER, L. |
| 856 ## - ELECTRONIC LOCATION AND ACCESS | |
| Link text | Access online book |
| Electronic name | Leading the global workforce: Best practice from linkage, Inc. |
| Path | www.josseybass.com |
| 942 ## - ADDED ENTRY ELEMENTS (KOHA) | |
| Source of classification or shelving scheme | Dewey Decimal Classification |
| Koha item type | Books |
| Date last seen | Total checkouts | Full call number | Barcode | Cost, replacement price | Price effective from | Koha item type | Lost status | Source of classification or shelving scheme | Damaged status | Not for loan | Withdrawn status | Home library | Current library | Shelving location | Date acquired | Cost, normal purchase price |
|---|---|---|---|---|---|---|---|---|---|---|---|---|---|---|---|---|
| 06/29/2025 | 658.4092LEA | DOM0003910 | 120000.00 | 06/29/2025 | Books | Dewey Decimal Classification | CBE Dodoma | CBE Dodoma | General Collection | 05/28/2010 | 40000.00 | |||||
| 06/29/2025 | 658.4092LEA | DOM0003918 | 120000.00 | 06/29/2025 | Books | Dewey Decimal Classification | CBE Dodoma | CBE Dodoma | General Collection | 05/28/2010 | 40000.00 | |||||
| 06/29/2025 | 658.4092LEA | DOM0003917 | 120000.00 | 06/29/2025 | Books | Dewey Decimal Classification | CBE Dodoma | CBE Dodoma | General Collection | 05/28/2010 | 40000.00 | |||||
| 06/29/2025 | 658.4092LEA | DOM0003916 | 120000.00 | 06/29/2025 | Books | Dewey Decimal Classification | CBE Dodoma | CBE Dodoma | General Collection | 05/28/2010 | 40000.00 | |||||
| 06/13/2025 | LECT 658.409 HAR | 00000012886 | 120000.00 | 06/12/2025 | Books | Dewey Decimal Classification | College of Business Education Main Library | College of Business Education Main Library | General Collection | 05/28/2010 | 40000.00 | |||||
| 06/13/2025 | LECT 658.409 HAR | 00000012887 | 120000.00 | 06/12/2025 | Books | Dewey Decimal Classification | College of Business Education Main Library | College of Business Education Main Library | General Collection | 05/28/2010 | 40000.00 |
